| 000 | 00488cam a2200157 a 4500 | ||
|---|---|---|---|
| 001 | 000004587 | ||
| 005 | 20200929151451.0 | ||
| 008 | 830419s1942 nyua 000 0 eng | ||
| 040 |
_aDO-SdBNP _bspa _cBNPHU |
||
| 082 |
_axxxx _bE42 |
||
| 100 | 1 |
_aEliot, George, _d1819-1880. _913012 |
|
| 245 | 1 | 0 |
_aSilas Marner / _cGeorge Eliot ; adaptado por Mabel Dodge Holmes. |
| 260 |
_aNew York : _bGlobe Book Company, _c1942. |
||
| 300 |
_a162 p : _bil. ; _c21 cm. |
||
| 700 | 1 |
_aDodge Holmes, Mabel, _913383 |
|
| 999 |
_c4395 _d4395 |
||